Zostavenie poznámok ako súčasť účtovnej závierky v podnikateľskej účtovnej jednotke bakalárska práca

Na minha lista:
Detalhes bibliográficos
Autor principal: Haršányiová, Miroslava
Autor Corporativo: Fakulta hospodárskej informatiky EU. Katedra účtovníctva a audítorstva
Outros Autores: Hornická, Renáta, 1977-
Formato: Livro
Idioma:eslovaco
Publicado em: Bratislava 2018
Tags: Adicionar Tag
Sem tags, seja o primeiro a adicionar uma tag!

MARC

LEADER 00000nbm a2200000 4500
001 0245412
005 20181106082934.9
041 0 |a slo 
044 |a SK 
245 1 0 |a Zostavenie poznámok ako súčasť účtovnej závierky v podnikateľskej účtovnej jednotke  |b bakalárska práca  |c Miroslava Haršányiová ; školiteľ: Renáta Hornická 
264 1 |a Bratislava  |c 2018 
300 |a 56 s. 
100 1 |a Haršányiová, Miroslava 
700 1 |a Hornická, Renáta, 1977- 
710 2 |a Fakulta hospodárskej informatiky EU. Katedra účtovníctva a audítorstva